000 00280nam a22001217a 4500
008 170412b xxu||||| |||| 00| 0 eng d
041 _aeng
080 _24ED
_a618
100 _a10
101 _aSHM
245 _aCLINICAL GUIDE FOR CONTRACEPTION
_cSPEROFF.L
942 _2udc
_cBK
999 _c10557
_d10557